[Event "Canadian op U1800"]
[Site "Sault Ste Marie"]
[Date "2017.07.12"]
[Round "4.49"]
[White "Xie, Austin"]
[Black "Macinnis, Jamie"]
[Result "1/2-1/2"]
[WhiteElo "1348"]
[BlackElo "1691"]
[PlyCount "157"]
[EventDate "2017.07.08"]
[EventType "swiss"]
[EventRounds "9"]
[EventCountry "CAN"]
[SourceTitle "EXT 2022"]
[Source "ChessBase"]
[SourceDate "2021.10.06"]
[SourceVersion "1"]
[SourceVersionDate "2021.10.06"]
[SourceQuality "1"]

1. d4 Nf6 2. c4 g6 3. Nc3 Bg7 4. e4 d6 5. Be2 0-0 6. Bg5 h6 7. Be3 a5 8. a3 e6 9. Qd2 Kh7 10. f3 Nbd7 11. Nh3 e5 12. d5 Nc5 13. Qc2 Bd7 14. Nf2 a4 15. Nd3 Nb3 16. Rd1 Ng8 17. Nc1 Nd4 18. Qd3 Ne7 19. 0-0 f5 20. Rf2 f4 21. Bxd4 exd4 22. N3a2 Bf6 23. g3 Bh3 24. Bf1 fxg3 25. hxg3 Bd7 26. Bg2 Qe8 27. Bf1 Ra7 28. Qd2 Bg7 29. Be2 Rf6 30. Rh2 Ra8 31. Kg2 Qf7 32. Rdh1 Ng8 33. Nd3 Rf8 34. f4 b5 35. e5 dxe5 36. Nxe5 Qe7 37. cxb5 Bf5 38. Qxd4 Bc2 39. Nb4 Bb3 40. Nbc6 Rxc6 41. bxc6 Qd6 42. Bf3 Ne7 43. Qd3 Nxd5 44. Kg1 Qc5+ 45. Rf2 Rf5 46. Be4 Qc1+ 47. Qf1 Qxf1+ 48. Kxf1 Rf6 49. Nxg6 Rxg6 50. Bxg6+ Kxg6 51. Ke2 Nb6 52. Ke1 Nc4 53. Rhh2 Ne3 54. Re2 Nf5 55. Rh3 Nd4 56. Re7 Nxc6 57. Rxc7 Nd4 58. g4 Nc2+ 59. Kf1 Bxb2 60. Rc6+ Bf6 61. g5 hxg5 62. fxg5 Kxg5 63. Rg3+ Kf4 64. Rxb3 axb3 65. Rxf6+ Ke5 66. Rb6 Nxa3 67. Rxb3 Nc4 68. Ke2 Kd4 69. Rd3+ Ke4 70. Rd7 Ne5 71. Re7 Kd4 72. Kf1 Ke4 73. Kf2 Kf4 74. Kg2 Nc4 75. Kh3 Ne5 76. Kh2 Nf3+ 77. Kh3 Ne5 78. Re8 Ke4 79. Kg3 1/2-1/2

[Event "Windsor NAYCC U10"]
[Site "Windsor"]
[Date "2016.08.11"]
[Round "8.139"]
[White "Zhao, Jeffrey R"]
[Black "Xie, Austin"]
[Result "0-1"]
[WhiteElo "1496"]
[BlackElo "1232"]
[PlyCount "98"]
[EventDate "2016.08.07"]
[EventType "swiss"]
[EventRounds "9"]
[EventCountry "CAN"]
[SourceTitle "EXT 2022"]
[Source "ChessBase"]
[SourceDate "2021.10.06"]
[SourceVersion "1"]
[SourceVersionDate "2021.10.06"]
[SourceQuality "1"]

1. e4 c6 2. d4 d5 3. e5 c5 4. c3 e6 5. Nf3 Nc6 6. Bd3 cxd4 7. cxd4 Bb4+ 8. Nc3 Bd7 9. a3 Ba5 10. Bc2 Nge7 11. Be3 Bxc3+ 12. bxc3 Na5 13. Rb1 Rc8 14. Bd2 b6 15. Bd3 Nc4 16. Qb3 Bc6 17. Bg5 Qd7 18. Nd2 Ba4 19. Qa2 Bb5 20. Bh4 Nxa3 21. Bxe7 Bxd3 22. Qxa3 Qxe7 23. Qb2 0-0 24. Nf3 f6 25. Qd2 Be4 26. Qe3 Qc7 27. Rb3 Bxf3 28. gxf3 fxe5 29. dxe5 Rf5 30. f4 Qc4 31. Rb4 Qxc3+ 32. Qxc3 Rxc3 33. Ra4 Rc1+ 34. Ke2 Rxh1 35. Rxa7 Rxf4 36. Re7 Re4+ 37. Kd3 Rxe5 38. Rb7 Rxh2 39. Rxb6 Rxf2 40. Rb8+ Rf8 41. Rb7 g5 42. Rb1 g4 43. Rg1 Re4 44. Kd2 Rf2+ 45. Kd3 Rf3+ 46. Kd2 g3 47. Kd1 Ref4 48. Ke2 Rf2+ 49. Ke1 g2 0-1

[Event "Windsor NAYCC U10"]
[Site "Windsor"]
[Date "2016.08.08"]
[Round "2.147"]
[White "Xie, Austin"]
[Black "Ripley, Noah"]
[Result "1-0"]
[WhiteElo "1232"]
[BlackElo "684"]
[PlyCount "87"]
[EventDate "2016.08.07"]
[EventType "swiss"]
[EventRounds "9"]
[EventCountry "CAN"]
[SourceTitle "EXT 2022"]
[Source "ChessBase"]
[SourceDate "2021.10.06"]
[SourceVersion "1"]
[SourceVersionDate "2021.10.06"]
[SourceQuality "1"]

1. e4 e5 2. Nf3 Nc6 3. Bb5 Nd4 4. Nxd4 exd4 5. c3 dxc3 6. dxc3 Nf6 7. 0-0 Bc5 8. Nd2 a6 9. Bd3 d6 10. Nb3 Bg4 11. Qc2 Bb6 12. Nd4 0-0 13. f3 Be6 14. Be3 Bxd4 15. cxd4 c6 16. Bg5 h6 17. Bh4 g5 18. Bf2 Qe7 19. f4 gxf4 20. Bh4 Bd7 21. Rxf4 Kg7 22. Bxf6+ Qxf6 23. Rxf6 Kxf6 24. Rf1+ Ke7 25. Qf2 Be6 26. Qf6+ Kd7 27. d5 cxd5 28. exd5 Bxd5 29. Bf5+ Be6 30. Bxe6+ fxe6 31. Qg7+ Kc6 32. Rxf8 Rxf8 33. Qxf8 d5 34. Qxh6 Kd7 35. g4 e5 36. g5 e4 37. g6 d4 38. Qf4 d3 39. g7 d2 40. Qxd2+ Kc7 41. g8Q Kb6 42. Qd4+ Kc7 43. Qgd8+ Kc6 44. Q8d7# 1-0

[Event "Windsor NAYCC U10"]
[Site "Windsor"]
[Date "2016.08.07"]
[Round "1.134"]
[White "Rama, Tejas"]
[Black "Xie, Austin"]
[Result "1-0"]
[WhiteElo "1712"]
[BlackElo "1232"]
[PlyCount "83"]
[EventDate "2016.08.07"]
[EventType "swiss"]
[EventRounds "9"]
[EventCountry "CAN"]
[SourceTitle "EXT 2022"]
[Source "ChessBase"]
[SourceDate "2021.10.06"]
[SourceVersion "1"]
[SourceVersionDate "2021.10.06"]
[SourceQuality "1"]

1. d4 d5 2. c4 e6 3. Nc3 Nf6 4. Nf3 c6 5. Bf4 Nbd7 6. e3 b6 7. cxd5 Nxd5 8. Nxd5 exd5 9. a3 Nf6 10. Ne5 Bd7 11. Ba6 b5 12. Bb7 Rb8 13. Nxc6 Qb6 14. Nxb8 Qxb7 15. Nxd7 Qxd7 16. h3 Bd6 17. Bxd6 Qxd6 18. 0-0 0-0 19. Qd3 a6 20. Rfc1 Nd7 21. Rc2 Rb8 22. Rac1 Rb6 23. Rc8+ Nf8 24. Ra8 Rc6 25. Rc8 Rb6 26. Qf5 b4 27. R1c7 Qe6 28. Qxe6 fxe6 29. Ra8 bxa3 30. bxa3 Rb1+ 31. Kh2 Rb2 32. Kg3 Rb3 33. Rcc8 Kf7 34. Rxf8+ Ke7 35. Rfb8 Rxa3 36. Rb7+ Kf6 37. Rf8+ Kg6 38. Re7 a5 39. Rxe6+ Kg5 40. h4+ Kh5 41. Rf5+ g5 42. Rxg5# 1-0

[Event "CAN-ch U10"]
[Site "Windsor"]
[Date "2016.07.06"]
[Round "2.85"]
[White "Lu, Lucas Yunkun"]
[Black "Xie, Austin"]
[Result "1/2-1/2"]
[WhiteElo "1083"]
[BlackElo "1638"]
[PlyCount "114"]
[EventDate "2016.07.05"]
[EventType "swiss"]
[EventRounds "7"]
[EventCountry "CAN"]
[SourceTitle "EXT 2022"]
[Source "ChessBase"]
[SourceDate "2021.10.06"]
[SourceVersion "1"]
[SourceVersionDate "2021.10.06"]
[SourceQuality "1"]

1. e4 c5 2. Nc3 d6 3. g3 g6 4. Bg2 Bg7 5. d3 Nc6 6. Be3 e6 7. Qd2 Nge7 8. Nge2 Bd7 9. 0-0 0-0 10. Bh6 Qb8 11. Bxg7 Kxg7 12. f4 h5 13. Nd1 Qc8 14. h3 e5 15. Kh2 f5 16. Ne3 Rb8 17. Rf2 b5 18. Raf1 Be6 19. Nd5 Qd7 20. fxe5 dxe5 21. Nxe7 Nxe7 22. Qc3 Qd6 23. Nf4 Bg8 24. Ne2 b4 25. Qd2 Be6 26. exf5 Bxf5 27. Qe3 a5 28. Be4 Bxe4 29. Qxe4 Qd5 30. Rxf8 Rxf8 31. Rxf8 Qxe4 32. dxe4 Kxf8 33. c3 Nc6 34. g4 Ne7 35. Kg3 Kg7 36. Kh4 hxg4 37. hxg4 Kf6 38. g5+ Ke6 39. Kg3 Kd6 40. Kf3 Kc6 41. c4 Kb6 42. b3 Nc6 43. Ke3 a4 44. Nc1 a3 45. Ne2 Na5 46. Nc3 Kc6 47. Kd3 Kd6 48. Ke3 Nc6 49. Ne2 Nd8 50. Kf3 Ne6 51. Kg4 Nd4 52. Nc1 Ke7 53. Kg3 Kd6 54. Kg4 Nc2 55. Kg3 Ne3 56. Kf3 Nc2 57. Kg4 Nd4 1/2-1/2

[Event "CAN-ch U10"]
[Site "Windsor"]
[Date "2016.07.06"]
[Round "3.84"]
[White "Xie, Austin"]
[Black "Wu, Lucian"]
[Result "1/2-1/2"]
[WhiteElo "1638"]
[BlackElo "1320"]
[PlyCount "90"]
[EventDate "2016.07.05"]
[EventType "swiss"]
[EventRounds "7"]
[EventCountry "CAN"]
[SourceTitle "EXT 2022"]
[Source "ChessBase"]
[SourceDate "2021.10.06"]
[SourceVersion "1"]
[SourceVersionDate "2021.10.06"]
[SourceQuality "1"]

1. e4 e5 2. Nf3 Nc6 3. Bb5 a6 4. Bxc6 dxc6 5. 0-0 f6 6. d4 exd4 7. Qxd4 Qxd4 8. Nxd4 Bc5 9. Nb3 Bb6 10. Nc3 Ne7 11. Re1 0-0 12. Be3 Bxe3 13. Rxe3 Bg4 14. f3 Bh5 15. g4 Bf7 16. Rd1 Rad8 17. Red3 Rxd3 18. Rxd3 Be6 19. Kf2 Ng6 20. Kg3 Ne5 21. Rd1 Nc4 22. Na4 Ne3 23. Rd3 Nxc2 24. Nac5 Bxb3 25. Rxb3 b6 26. Nxa6 Nd4 27. Rd3 Rd8 28. Re3 Ne6 29. Re2 c5 30. b4 Ra8 31. b5 Nd4 32. Rb2 Nxb5 33. Rxb5 Rxa6 34. Rb2 Kf7 35. Kf4 Ra5 36. h4 h6 37. h5 c4 38. Ke3 c5 39. Rxb6 Rxa2 40. Rb5 Ra3+ 41. Kf4 Rc3 42. Rxc5 Rc1 43. Ke3 Ke6 44. Kd2 Rf1 45. Ke2 Rc1 1/2-1/2

[Event "CAN-ch U08"]
[Site "Windsor"]
[Date "2015.07.08"]
[Round "5.121"]
[White "Xie, Austin"]
[Black "Tao, Neilson"]
[Result "1-0"]
[WhiteElo "1229"]
[BlackElo "993"]
[PlyCount "103"]
[EventDate "2015.07.06"]
[EventType "swiss"]
[EventRounds "7"]
[EventCountry "CAN"]
[SourceTitle "EXT 2022"]
[Source "ChessBase"]
[SourceDate "2021.10.06"]
[SourceVersion "1"]
[SourceVersionDate "2021.10.06"]
[SourceQuality "1"]

1. e4 c5 2. Nc3 d6 3. f4 Nc6 4. Nf3 Bg4 5. Bb5 g6 6. Bxc6+ bxc6 7. 0-0 Bg7 8. d3 e5 9. Qe1 Bxf3 10. Rxf3 exf4 11. Bxf4 Qe7 12. Qg3 Rd8 13. Re1 f6 14. Nd5 Qd7 15. Nc3 g5 16. Bd2 Qb7 17. b3 Ne7 18. Nd1 0-0 19. Ne3 d5 20. Nf5 Nxf5 21. Rxf5 dxe4 22. Rxe4 Qb6 23. Kh1 Rfe8 24. Rxe8+ Rxe8 25. Qf2 Re5 26. Rxe5 fxe5 27. Bxg5 Bf8 28. Qg3 Bg7 29. Bf6 Qc7 30. Bxg7 Qxg7 31. Qxg7+ Kxg7 32. g4 Kf6 33. h4 Ke6 34. c4 a5 35. Kg2 Kf6 36. Kf3 h6 37. Ke4 Ke6 38. g5 hxg5 39. hxg5 Kf7 40. Kxe5 Kg6 41. Kd6 Kxg5 42. Kxc6 Kf5 43. Kxc5 Ke6 44. d4 Kd7 45. d5 Kc7 46. d6+ Kd7 47. Kd5 Ke8 48. Ke6 Kd8 49. d7 Kc7 50. Ke7 Kc6 51. d8Q Kc5 52. Qd6# 1-0